000 00530nam a2200217Ia 4500
005 20241216010143.0
008 180423s9999||||xx |||||||||||||| ||und||
082 _a745.2
_bL546
100 _aLIPSON, CHARLES
245 0 _aIMPORTANCIA DEL DESGASTE EN EL DISEÑO
250 _a0
260 _aMEXICO
_bCATE.
_c1970
300 _a165 pag.
_c24 cm
341 _h0
490 _v0
_a0
505 _aFRICCION-DESGASTE/CORROSION-CAVITACION
541 _aC
_d02-May-94
650 _aARTE
856 _zHumanidades
942 _cLIBRO
999 _c6932
_d6932